Sports Stadiums - Statistics

General Stats
  • This quiz has been taken 63 times
  • The average score is 6 of 13
Answer Stats
Stadium Answer % Correct
Emirates Stadium London
78%
Estadio Santiago Bernabéu Madrid
64%
Allianz Arena Munich
62%
Arrowhead Stadium Kansas City
55%
Estádio do Maracanã Rio de Janeiro
55%
Twickenham Stadium London
53%
AT&T Park San Francisco
53%
Rod Laver Arena Melbourne
49%
Vicente Calderón Stadium Madrid
44%
Murrayfield Stadium Edinburgh
36%
M&T Bank Stadium Baltimore
33%
Olimpiyskiy National Sports Complex Kyiv
16%
Salt Lake Stadium Kolkata
7%
No matching quizzes found
Score Distribution
Percent of People with Each Score
Percentile by Number Answered
Your Score History
You have not taken this quiz